000 00932cam a2200301 4500
999 _c19367
_d19367
001 2200554
003 BDDh-ASL
005 20231015025758.0
008 730921s1977 cc b 000 0 eng
010 _a 73169191
015 _aUSSR***
040 _aDLC
_cDLC
_dBDDh-ASL
041 1 _aengger
043 _ae-fr---
050 0 0 _aDC312
_b.M3 1972
082 0 0 _a944.081
_bMAC
100 1 _aMarx, Karl,
_d1818-1883.
240 1 0 _aBürgerkrieg in Frankreich.
_lEnglish
245 1 4 _aThe civil war in France /
_c[by] K. Marx.
260 _aPeking, China :
_bPoreign Languages Press,
_c1977.
300 _a90 p.
_c23 cm.
500 _aTranslation of Der Bürgerkrieg in Frankreich.
504 _aIncludes bibliographical references.
651 0 _aParis (France)
_xHistory
_yCommune, 1871.
651 0 _aParis (France)
_xHistory
_ySiege, 1870-1871.
906 _a7
_bcbc
_corignew
_d2
_encip
_f19
_gy-gencatlg
942 _2ddc
_cBK